How Accurate Are Macroeconomic Forecasts of Slovakian Commercial Banks?

Skúmanie presnosti predpovedných modelov vybraných komerčných bánk na Slovensku. Predpoveď vývoja makroekonomických ukazovateľov, konkrétne HDP a inflácie.

Na minha lista:
Detalhes bibliográficos
Autor principal: Csápai, Ádám, 1996-
Formato: Capítulo de Livro
Idioma:inglês
Assuntos:
Tags: Adicionar Tag
Sem tags, seja o primeiro a adicionar uma tag!

MARC

LEADER 00000naa$a2200000$$$4500
001 0290220
005 20240502083937.8
041 0 |a eng 
044 |a CZ 
245 1 0 |a How Accurate Are Macroeconomic Forecasts of Slovakian Commercial Banks?  |c Ádám Csápai 
520 |a Skúmanie presnosti predpovedných modelov vybraných komerčných bánk na Slovensku. Predpoveď vývoja makroekonomických ukazovateľov, konkrétne HDP a inflácie. 
610 2 0 |a prognózy 
610 2 0 |a makroekonomika 
610 2 0 |a banky obchodné 
610 2 0 |a produkt domáci hrubý 
610 2 0 |a inflácia 
610 2 0 |a modely ekonomické 
610 2 0 |a Slovensko 
100 1 |a Csápai, Ádám, 1996-